[Event "CFriend AR-2003-F-00004 email"]
[Site "Chessfriend.com"]
[Date "2004.05.07"]
[Round "1"]
[White "Krol, Wladyslaw Jakub"]
[Black "Tushev, Andrey"]
[Result "1/2-1/2"]
[WhiteElo "2228"]
[BlackElo "2211"]
[PlyCount "74"]
[EventDate "2004.??.??"]
[EventType "tourn (corr)"]
[EventRounds "12"]
[SourceTitle "Corr 2024"]
[Source "ChessBase"]
[SourceDate "2023.10.19"]
[SourceVersion "1"]
[SourceVersionDate "2023.10.19"]
[SourceQuality "1"]

1. e4 e6 2. f4 d5 3. d3 dxe4 4. dxe4 Qxd1+ 5. Kxd1 Nf6 6. Bd3 c5 7. Nc3 Bd7 8. e5 Ng4 9. Ke2 Nc6 10. Nf3 Nb4 11. h3 Nxd3 12. cxd3 Nh6 13. g4 f5 14. exf6 gxf6 15. Be3 Bc6 16. Rac1 Be7 17. Rhd1 Nf7 18. Ne4 b6 19. b4 Nd6 20. Nxd6+ Bxd6 21. bxc5 bxc5 22. Nd2 Kd7 23. Nc4 Be7 24. d4 Rhd8 25. dxc5+ Kc7 26. Na5 Rxd1 27. Rxd1 Rb8 28. Nxc6 Rb2+ 29. Rd2 Rxd2+ 30. Kxd2 Kxc6 31. Kd3 Bxc5 32. Bxc5 Kxc5 33. Ke4 Kd6 34. Kd4 e5+ 35. fxe5+ fxe5+ 36. Ke4 Ke6 37. a4 a5 1/2-1/2

[Event "CFriend AR-2003-F-00004 email"]
[Site "Chessfriend.com"]
[Date "2004.05.07"]
[Round "1"]
[White "Nowak, Zdzislaw"]
[Black "Tushev, Andrey"]
[Result "1/2-1/2"]
[WhiteElo "2336"]
[BlackElo "2186"]
[PlyCount "113"]
[EventDate "2004.??.??"]
[EventType "tourn (corr)"]
[EventRounds "12"]
[SourceTitle "Corr 2008"]
[Source "ChessBase"]
[SourceDate "2008.06.24"]
[SourceVersion "1"]
[SourceVersionDate "2008.06.24"]
[SourceQuality "1"]

1. e4 c6 2. Nf3 d5 3. Nc3 dxe4 4. Nxe4 Nf6 5. Nxf6+ gxf6 6. d4 Bg4 7. Be2 Na6 8. c3 Nc7 9. Qb3 Qc8 10. 0-0 Rg8 11. Re1 Qe6 12. Bc4 Bxf3 13. Rxe6 Rxg2+ 14. Kf1 Rxh2 15. Ke1 Nxe6 16. Qxb7 Rd8 17. b3 h5 18. Bb5 Rd6 19. Qb8+ Nd8 20. Bf1 Rh1 21. Bf4 e5 22. Bh6 Be7 23. Kd2 h4 24. Qc8 h3 25. Re1 Bg2 26. Re3 f5 27. Rg3 Rxh6 28. Bxg2 hxg2 29. Rxg2 Rg6 30. Rxg6 fxg6 31. dxe5 Rh2 32. Ke1 Bc5 33. e6 Rh7 34. Qb8 Re7 35. Kf1 a5 36. a4 g5 37. b4 axb4 38. cxb4 Ba7 39. Qe5 Nxe6 40. Qxf5 Kd7 41. Qf3 Bb6 42. b5 Nd4 43. Qh3+ Re6 44. Qh7+ Re7 45. Qh3+ Kc7 46. Qg3+ Kb7 47. Qd6 Rc7 48. bxc6+ Nxc6 49. Qg6 Rd7 50. Qxg5 Rd4 51. Kg2 Rxa4 52. f4 Ra2+ 53. Kg3 Ra5 54. Qg7+ Bc7 55. Kg4 Ra4 56. Kg5 Rxf4 57. Qxc7+ 1/2-1/2

[Event "CFriend AR-2003-F-00004 email"]
[Site "Chessfriend.com"]
[Date "2004.05.07"]
[Round "1"]
[White "Terreaux, Gilles"]
[Black "Tushev, Andrey"]
[Result "0-1"]
[WhiteElo "2304"]
[BlackElo "2186"]
[PlyCount "60"]
[EventDate "2004.??.??"]
[EventType "tourn (corr)"]
[EventRounds "12"]
[SourceTitle "Corr 2008"]
[Source "ChessBase"]
[SourceDate "2008.06.24"]
[SourceVersion "1"]
[SourceVersionDate "2008.06.24"]
[SourceQuality "1"]

1. d4 Nf6 2. Nf3 e6 3. e3 c5 4. Bd3 d5 5. b3 Nc6 6. 0-0 Bd6 7. Bb2 cxd4 8. exd4 0-0 9. Nbd2 Nb4 10. Be2 Qc7 11. a3 Nc6 12. Bd3 b6 13. Qe2 Bb7 14. Ne5 Rac8 15. f4 Ne7 16. Rac1 h5 17. Ndf3 Nf5 18. Ng5 Rce8 19. c3 Ng4 20. Qf3 g6 21. Kh1 f6 22. Nxe6 Rxe6 23. Nxg6 Re3 24. Qd1 Bc8 25. c4 Rfe8 26. cxd5 Qd8 27. a4 Kg7 28. Rxc8 Qxc8 29. Ne5 fxe5 30. dxe5 Bb4 0-1

[Event "CFriend AR-2003-F-00004 email"]
[Site "Chessfriend.com"]
[Date "2004.05.07"]
[Round "1"]
[White "Tushev, Andrey"]
[Black "Jordan, Juergen"]
[Result "1/2-1/2"]
[WhiteElo "2186"]
[BlackElo "2267"]
[PlyCount "90"]
[EventDate "2004.??.??"]
[EventType "tourn (corr)"]
[EventRounds "12"]
[SourceTitle "Corr 2008"]
[Source "ChessBase"]
[SourceDate "2008.06.24"]
[SourceVersion "1"]
[SourceVersionDate "2008.06.24"]
[SourceQuality "1"]

1. e4 c5 2. Nc3 Nc6 3. g3 g6 4. Bg2 Bg7 5. d3 d6 6. f4 e6 7. Nh3 Nge7 8. 0-0 0-0 9. Ne2 b5 10. c3 b4 11. Be3 Rb8 12. Qc2 Bd7 13. Ng5 Qb6 14. Nf3 bxc3 15. bxc3 Qb2 16. Rac1 Rfd8 17. Bf2 Rb5 18. Nd2 Bc8 19. Qd1 Qa3 20. g4 f5 21. gxf5 gxf5 22. Bh4 d5 23. exd5 exd5 24. c4 Rb2 25. cxd5 Qxd3 26. Nc4 Qxd1 27. Rfxd1 Rxe2 28. dxc6 Rxd1+ 29. Rxd1 Bd4+ 30. Kh1 Kf8 31. c7 Re6 32. Na5 Kf7 33. h3 Rh6 34. Bg5 Ra6 35. Nb3 Bf6 36. Nxc5 Rxa2 37. Rc1 a5 38. Bf1 Kg6 39. h4 h6 40. h5+ Kg7 41. Bxf6+ Kxf6 42. Kg1 Rb2 43. Ba6 Bxa6 44. Nxa6 a4 45. Rc3 Rb3 1/2-1/2

[Event "CFriend AR-2003-F-00004 email"]
[Site "Chessfriend.com"]
[Date "2004.05.07"]
[Round "1"]
[White "Tushev, Andrey"]
[Black "Weber, Karlheinz"]
[Result "1/2-1/2"]
[WhiteElo "2186"]
[BlackElo "2281"]
[PlyCount "48"]
[EventDate "2004.??.??"]
[EventType "tourn (corr)"]
[EventRounds "12"]
[SourceTitle "Corr 2008"]
[Source "ChessBase"]
[SourceDate "2008.06.24"]
[SourceVersion "1"]
[SourceVersionDate "2008.06.24"]
[SourceQuality "1"]

1. e4 c5 2. Nf3 Nc6 3. d4 cxd4 4. Nxd4 Nf6 5. Nc3 d6 6. f3 e5 7. Nb3 Be7 8. Be3 0-0 9. Qd2 a5 10. Bb5 Be6 11. Rd1 Na7 12. Bd3 b5 13. Bxa7 Rxa7 14. Qf2 Rc7 15. Nxb5 Rb7 16. a4 Bxb3 17. cxb3 d5 18. 0-0 dxe4 19. Bxe4 Rd7 20. Qc2 Qb6+ 21. Kh1 Rxd1 22. Rxd1 Rd8 23. Rxd8+ Bxd8 24. Qc8 g6 1/2-1/2

[Event "CFriend AR-2003-Q-00008 email"]
[Site "Chessfriend.com"]
[Date "2003.12.03"]
[Round "1"]
[White "Tushev, Andrey"]
[Black "Asauskas, Mindaugas"]
[Result "1-0"]
[WhiteElo "2186"]
[BlackElo "1837"]
[PlyCount "47"]
[EventDate "2003.??.??"]
[EventType "tourn (corr)"]
[EventRounds "12"]
[SourceTitle "Corr 2008"]
[Source "ChessBase"]
[SourceDate "2008.06.24"]
[SourceVersion "1"]
[SourceVersionDate "2008.06.24"]
[SourceQuality "1"]

1. e4 e6 2. d4 d5 3. Nd2 Be7 4. Bd3 c5 5. dxc5 Nc6 6. Ngf3 Nf6 7. 0-0 0-0 8. c3 Bxc5 9. e5 Ng4 10. Nb3 Nxf2 11. Rxf2 Bxf2+ 12. Kxf2 f6 13. exf6 Qxf6 14. Kg1 e5 15. Bg5 Qf7 16. Be3 h6 17. Be2 Bf5 18. Qd2 Rad8 19. Bc5 Rfe8 20. Nh4 Be4 21. Rf1 Qe6 22. Bh5 g6 23. Qxh6 gxh5 24. Rf8+ 1-0

[Event "CFriend AR-2003-Q-00008 email"]
[Site "Chessfriend.com"]
[Date "2003.12.03"]
[Round "1"]
[White "Tushev, Andrey"]
[Black "Lindam, Ingo"]
[Result "1/2-1/2"]
[WhiteElo "2211"]
[BlackElo "1967"]
[PlyCount "129"]
[EventDate "2003.??.??"]
[EventType "tourn (corr)"]
[EventRounds "12"]
[SourceTitle "Corr 2024"]
[Source "ChessBase"]
[SourceDate "2023.10.19"]
[SourceVersion "1"]
[SourceVersionDate "2023.10.19"]
[SourceQuality "1"]

1. e4 c5 2. Nc3 a6 3. g3 b5 4. Bg2 Bb7 5. d3 e6 6. f4 Nf6 7. Nh3 Be7 8. 0-0 b4 9. Ne2 0-0 10. Nf2 d5 11. e5 Nfd7 12. c3 Nc6 13. d4 bxc3 14. bxc3 cxd4 15. cxd4 a5 16. f5 Ba6 17. Nd3 Qb6 18. Kh1 Bc4 19. Ndf4 Qa6 20. Bh3 f6 21. fxe6 fxe5 22. exd7 exf4 23. Nxf4 Bxf1 24. Bxf1 Qb7 25. Qh5 Qxd7 26. Bd3 g6 27. Nxg6 Rf7 28. Nh8 Rg7 29. Bh6 Qe8 30. Qh3 Nb4 31. Bf5 Qf8 32. Ng6 hxg6 33. Be6+ Kh8 34. Rf1 Rh7 35. Bxf8 Rxh3 36. Bxe7 Rh6 37. Bf6+ Kh7 38. Bg5 Ra6 39. Rf7+ Kg8 40. Rf6+ Kg7 41. a3 Rh5 42. h4 Nc2 43. Rf7+ Kg8 44. Bxd5 Kh8 45. Rf6 Rxf6 46. Bxf6+ Kh7 47. Be4 Ne3 48. Bg5 Nf5 49. Bxf5 gxf5 50. Kg2 Kg6 51. Kf3 Rh7 52. Kf4 Rc7 53. d5 Rc4+ 54. Ke5 Re4+ 55. Kd6 Kf7 56. Kc5 Ra4 57. Bc1 f4 58. gxf4 Re4 59. h5 Re2 60. Kb6 Ke7 61. f5 Kd6 62. h6 Kxd5 63. f6 Ke6 64. Kxa5 Kxf6 65. a4 1/2-1/2

[Event "IECG CP.2002.Q.00016 email"]
[Site "IECG email"]
[Date "2003.10.01"]
[Round "?"]
[White "Epiney, Flo"]
[Black "Tushev, Andrey"]
[Result "1-0"]
[WhiteElo "2302"]
[BlackElo "2100"]
[PlyCount "45"]
[EventDate "2003.10.01"]
[EventType "tourn (corr)"]
[EventRounds "10"]
[SourceTitle "Corr 2008"]
[Source "ChessBase"]
[SourceDate "2008.06.24"]
[SourceVersion "1"]
[SourceVersionDate "2008.06.24"]
[SourceQuality "1"]

1. d4 Nf6 2. c4 e6 3. Nf3 Bb4+ 4. Bd2 a5 5. g3 b6 6. Bg2 Bb7 7. 0-0 Bxd2 8. Qxd2 d6 9. Nc3 0-0 10. Qc2 Nbd7 11. e4 e5 12. Rad1 exd4 13. Nxd4 Re8 14. Rfe1 Nc5 15. Nf5 Qc8 16. f3 Qe6 17. b3 Kh8 18. a3 Qc8 19. Nd5 Nfd7 20. f4 f6 21. b4 axb4 22. axb4 Na6 23. Qd2 1-0

[Event "IECG CP.2002.Q.00016 email"]
[Site "IECG email"]
[Date "2003.10.01"]
[Round "?"]
[White "Percze, Janos"]
[Black "Tushev, Andrey"]
[Result "1/2-1/2"]
[WhiteElo "2353"]
[BlackElo "2100"]
[PlyCount "62"]
[EventDate "2003.10.01"]
[EventType "tourn (corr)"]
[EventRounds "10"]
[SourceTitle "Corr 2008"]
[Source "ChessBase"]
[SourceDate "2008.06.24"]
[SourceVersion "1"]
[SourceVersionDate "2008.06.24"]
[SourceQuality "1"]

1. e4 c6 2. d4 d5 3. Nd2 dxe4 4. Nxe4 Nd7 5. Ng5 Ngf6 6. Bc4 e6 7. Qe2 Nb6 8. Bd3 h6 9. N5f3 c5 10. dxc5 Bxc5 11. Ne5 0-0 12. Ngf3 Nbd7 13. 0-0 b6 14. Bf4 Bb7 15. Rad1 Nxe5 16. Bxe5 Qe7 17. Rd2 Rad8 18. Rfd1 b5 19. a3 a5 20. Bxb5 Ne4 21. Rxd8 Rxd8 22. Bd4 Nxf2 23. Bxf2 Rxd1+ 24. Qxd1 Bxf2+ 25. Kxf2 Qc5+ 26. Qd4 Qxb5 27. Ne5 f5 28. b4 Qa4 29. Qc4 Bd5 30. Qc3 axb4 31. axb4 Be4 1/2-1/2

[Event "CFriend AC-2003-Q-00002 email"]
[Site "Chessfriend.com"]
[Date "2003.07.01"]
[Round "?"]
[White "Baumann, Ralf Ruediger"]
[Black "Tushev, Andrey"]
[Result "1/2-1/2"]
[WhiteElo "2371"]
[BlackElo "2107"]
[PlyCount "74"]
[EventDate "2003.07.01"]
[EventType "tourn (corr)"]
[EventRounds "10"]
[SourceTitle "Corr 2008"]
[Source "ChessBase"]
[SourceDate "2008.06.24"]
[SourceVersion "1"]
[SourceVersionDate "2008.06.24"]
[SourceQuality "1"]

1. d4 Nf6 2. Bf4 e6 3. e3 d5 4. Nd2 c5 5. c3 Nc6 6. Ngf3 Bd6 7. Bg3 0-0 8. Bd3 Qe7 9. Ne5 Nd7 10. Nxc6 bxc6 11. Qa4 Bb7 12. Bxd6 Qxd6 13. Qa3 Qe7 14. Nb3 Qg5 15. Nxc5 Nxc5 16. Qxc5 Qxg2 17. Ke2 Qg4+ 18. Kd2 Qh4 19. Raf1 Qd8 20. Rhg1 a5 21. Rg2 a4 22. Rfg1 g6 23. Qa3 Ba6 24. Bc2 Bc4 25. Rg5 Re8 26. h4 Re7 27. h5 Rb7 28. hxg6 fxg6 29. Kc1 Qf8 30. Qxf8+ Kxf8 31. Re5 Bxa2 32. Rxe6 Ra6 33. f4 Rab6 34. Rg2 Bb3 35. Bxb3 Rxb3 36. Rc2 Rc7 37. f5 gxf5 1/2-1/2

[Event "CFriend AC-2003-Q-00002 email"]
[Site "Chessfriend.com"]
[Date "2003.07.01"]
[Round "?"]
[White "Tushev, Andrey"]
[Black "Asauskas, Mindaugas"]
[Result "1-0"]
[WhiteElo "2111"]
[BlackElo "1887"]
[PlyCount "61"]
[EventDate "2003.07.01"]
[EventType "tourn (corr)"]
[EventRounds "10"]
[SourceTitle "Corr 2008"]
[Source "ChessBase"]
[SourceDate "2008.06.24"]
[SourceVersion "1"]
[SourceVersionDate "2008.06.24"]
[SourceQuality "1"]

1. e4 c5 2. Nc3 Nc6 3. g3 g6 4. Bg2 Bg7 5. d3 d6 6. f4 Rb8 7. Nf3 Bg4 8. h3 Bxf3 9. Bxf3 e6 10. Ne2 Nge7 11. c3 0-0 12. Be3 b5 13. Qd2 b4 14. 0-0 bxc3 15. bxc3 Qa5 16. Rab1 Rb6 17. Rb3 Rfb8 18. Rfb1 Qa6 19. Bg2 Na5 20. Rxb6 Rxb6 21. Rc1 Qb5 22. g4 Qb2 23. Rc2 Qa1+ 24. Kh2 Rb1 25. Bf2 Rd1 26. Qe3 Qb1 27. Rd2 Nac6 28. d4 cxd4 29. cxd4 Rxd2 30. Qxd2 d5 31. e5 1-0

[Event "CFriend AC-2003-Q-00002 email"]
[Site "Chessfriend.com"]
[Date "2003.07.01"]
[Round "?"]
[White "Tushev, Andrey"]
[Black "Parnenzini, Pedro Alfonso"]
[Result "1/2-1/2"]
[WhiteElo "2019"]
[BlackElo "2373"]
[PlyCount "56"]
[EventDate "2003.07.01"]
[EventType "tourn (corr)"]
[EventRounds "10"]
[SourceTitle "Corr 2008"]
[Source "ChessBase"]
[SourceDate "2008.06.24"]
[SourceVersion "1"]
[SourceVersionDate "2008.06.24"]
[SourceQuality "1"]

1. e4 e5 2. Nf3 Nc6 3. d4 exd4 4. Nxd4 Bc5 5. Nxc6 Qf6 6. Qd2 dxc6 7. Bd3 Be6 8. 0-0 0-0-0 9. Nc3 Ne7 10. Na4 Bd6 11. Qe3 Kb8 12. f4 Qh4 13. Nc5 g5 14. Nxe6 fxe6 15. e5 Nd5 16. Qf2 Qxf2+ 17. Kxf2 Bc5+ 18. Ke2 Nxf4+ 19. Bxf4 gxf4 20. Rxf4 Bd4 21. c3 Bxe5 22. Rh4 h5 23. Rf1 Rdg8 24. g3 a6 25. Rf7 Bd6 26. Rh7 Rxh7 27. Bxh7 Rg5 28. Be4 Be7 1/2-1/2

[Event "CFriend AC-2003-Q-00002 email"]
[Site "Chessfriend.com"]
[Date "2003.07.01"]
[Round "?"]
[White "Tushev, Andrey"]
[Black "Riemer, Wolfgang"]
[Result "1/2-1/2"]
[WhiteElo "2100"]
[BlackElo "2224"]
[PlyCount "58"]
[EventDate "2003.07.01"]
[EventType "tourn (corr)"]
[EventRounds "10"]
[SourceTitle "Corr 2008"]
[Source "ChessBase"]
[SourceDate "2008.06.24"]
[SourceVersion "1"]
[SourceVersionDate "2008.06.24"]
[SourceQuality "1"]

1. e4 e5 2. Nf3 Nc6 3. d4 exd4 4. Nxd4 Bc5 5. Be3 Qf6 6. c3 Qg6 7. Nd2 Nf6 8. f3 d5 9. Qc2 dxe4 10. Nxe4 Nxd4 11. Nxf6+ Qxf6 12. cxd4 Bb6 13. Qe4+ Be6 14. d5 0-0-0 15. Bxb6 axb6 16. 0-0-0 Qg5+ 17. f4 Bxd5 18. Qa4 Qf5 19. Bd3 Qf6 20. Qa8+ Kd7 21. Bb5+ Ke7 22. Qa3+ c5 23. Qe3+ Be6 24. f5 Qxf5 25. g4 Qxg4 26. Qe5 Rxd1+ 27. Rxd1 Rd8 28. Qc7+ Rd7 29. Bxd7 Qc4+ 1/2-1/2

[Event "CFriend AH-2003-0-00002 email"]
[Site "Chessfriend.com"]
[Date "2003.04.10"]
[Round "1"]
[White "Davies, William"]
[Black "Tushev, Andrey"]
[Result "0-1"]
[WhiteElo "1800"]
[BlackElo "2100"]
[PlyCount "44"]
[EventDate "2003.??.??"]
[EventType "tourn (corr)"]
[EventRounds "6"]
[SourceTitle "Corr 2008"]
[Source "ChessBase"]
[SourceDate "2008.06.24"]
[SourceVersion "1"]
[SourceVersionDate "2008.06.24"]
[SourceQuality "1"]

1. e4 e5 2. d3 Bc5 3. Be3 Bxe3 4. fxe3 Nf6 5. Nc3 d6 6. d4 0-0 7. Nf3 exd4 8. exd4 Nxe4 9. Nxe4 Re8 10. Bd3 f5 11. 0-0 fxe4 12. Bc4+ d5 13. Bb3 Bg4 14. Qd2 exf3 15. gxf3 Bh3 16. Rfe1 Rf8 17. Re3 c6 18. c4 Qg5+ 19. Kh1 Bg2+ 20. Kg1 Bxf3+ 21. Kf2 Qg2+ 22. Ke1 Qg1# 0-1

[Event "IECG CP.2002.P.00086 email"]
[Site "IECG email"]
[Date "2002.10.01"]
[Round "?"]
[White "Tushev, Andrey"]
[Black "Nordin, Nils R"]
[Result "1-0"]
[WhiteElo "2100"]
[BlackElo "1890"]
[PlyCount "83"]
[EventDate "2002.10.01"]
[EventType "tourn (corr)"]
[EventRounds "6"]
[EventCountry "RUS"]
[SourceTitle "Corr 2008"]
[Source "ChessBase"]
[SourceDate "2008.06.24"]
[SourceVersion "1"]
[SourceVersionDate "2008.06.24"]
[SourceQuality "1"]

1. e4 c6 2. d4 d5 3. e5 Bf5 4. c4 e6 5. Nc3 dxc4 6. Bxc4 Nd7 7. Nge2 Ne7 8. Ng3 Nb6 9. Bb3 Bg6 10. 0-0 Qd7 11. Be3 Nbd5 12. Qf3 Nf5 13. Nxd5 exd5 14. Rac1 Be7 15. Nh5 0-0 16. Qh3 Rad8 17. Bd1 Nxe3 18. Qxe3 Qf5 19. Ng3 Qd3 20. Qxd3 Bxd3 21. Be2 Bxe2 22. Nxe2 Rde8 23. f4 Rc8 24. g4 Bd8 25. Kf2 f6 26. Ke3 fxe5 27. dxe5 Re8 28. g5 Bxg5 29. fxg5 Rxe5+ 30. Kd3 Rxg5 31. Nf4 Re8 32. Rc2 Rf5 33. Rcf2 Ref8 34. Kd4 g5 35. Nd3 Rxf2 36. Rxf2 Rxf2 37. Nxf2 Kf7 38. Ke5 Kg6 39. b4 h5 40. a4 b6 41. Nd3 h4 42. Nf2 1-0

[Event "IECG CP.2002.P.00086 email"]
[Site "IECG email"]
[Date "2002.10.01"]
[Round "?"]
[White "Tushev, Andrey"]
[Black "Parry, Andrew"]
[Result "1-0"]
[WhiteElo "2100"]
[BlackElo "1284"]
[PlyCount "59"]
[EventDate "2002.10.01"]
[EventType "tourn (corr)"]
[EventRounds "6"]
[EventCountry "RUS"]
[SourceTitle "Corr 2008"]
[Source "ChessBase"]
[SourceDate "2008.06.24"]
[SourceVersion "1"]
[SourceVersionDate "2008.06.24"]
[SourceQuality "1"]

1. e4 c5 2. Nc3 Nc6 3. g3 g6 4. Bg2 Bg7 5. d3 d6 6. Be3 e6 7. Qd2 Nge7 8. Bh6 0-0 9. h4 f6 10. Bxg7 Kxg7 11. f4 h6 12. g4 Nd4 13. Nh3 Nec6 14. Nd1 Bd7 15. c3 Nb5 16. Ndf2 a6 17. f5 exf5 18. gxf5 gxf5 19. Rg1 Kh7 20. exf5 Bxf5 21. Be4 Bxe4 22. Ng4 Kh8 23. dxe4 Qe7 24. Qxh6+ Qh7 25. 0-0-0 Ne5 26. Qxh7+ Kxh7 27. Nxe5 dxe5 28. Rd7+ Kh6 29. Nf2 Rab8 30. Ng4+ 1-0